|
|
|
|
| LEADER |
00000nam0a2200000 4500 |
| 001 |
195006 |
| 005 |
20231101224607.0 |
| 020 |
|
|
|a RU
|b 90-47950ж
|
| 035 |
|
|
|a (RuTPU)RU\TPU\book\212687
|
| 090 |
|
|
|a 195006
|
| 100 |
|
|
|a 20110428a1990 km y0rusy5003 ca
|
| 101 |
0 |
|
|a rus
|
| 102 |
|
|
|a RU
|
| 105 |
|
|
|a a z 001zy
|
| 200 |
1 |
|
|a Истоки: вопросы истории народного хозяйства и экономической мысли
|e сборник
|h Вып. 2
|f под ред. В. А. Жамина
|
| 210 |
|
|
|a Москва
|c Экономика
|d 1990
|
| 215 |
|
|
|e (ил.)
|a 335 с.
|
| 600 |
|
1 |
|a Туган-Барановский
|b М. И.
|c российский экономист
|c историк
|c один из представителей "легального марксизма"
|f 1865-1919
|g Михаил Иванович
|2 stltpush
|3 (RuTPU)RU\TPU\pers\213
|9 108
|
| 610 |
1 |
|
|a экономическая история
|
| 610 |
1 |
|
|a экономическая мысль
|
| 610 |
1 |
|
|a Россия
|
| 610 |
1 |
|
|a народное хозяйство
|
| 610 |
1 |
|
|a СССР
|
| 610 |
1 |
|
|a кооперация
|
| 610 |
1 |
|
|a крепостное право
|
| 610 |
1 |
|
|a отмена
|
| 610 |
1 |
|
|a коллективизация
|
| 610 |
1 |
|
|a экономический анализ
|
| 610 |
1 |
|
|a ученые-экономисты
|
| 686 |
|
|
|a У02(2)
|2 rubbk
|
| 702 |
|
1 |
|a Жамин
|b В. А.
|g Виталий Алексеевич
|4 340
|
| 801 |
|
0 |
|a RU
|b RuMRKP
|c 19950417
|g psbo
|
| 801 |
|
1 |
|a RU
|b 63413507
|c 20110428
|
| 801 |
|
2 |
|a RU
|b 63413507
|c 20130524
|g RCR
|
| 942 |
|
|
|c BK
|